000 01438nam a2200265Ia 4500
003 PE SENCICO BE
005 20251020182435.0
008 200515s9999 xx 000 0 und d
040 _aPE SENCICO BE
_cPE SENCICO BE
041 _aspa
082 _a378.013
_bM4
110 1 _aMéxico.
_93044
_bDirección General del Empleo y Formación Profesional.
_bSecretaría del Trabajo y Previsión Social
245 1 0 _aLa capacitación en la pequeña y mediana empresa en México /
_cDirección General del Empleo y Formación Profesional (México)
260 _aLima :
_bCINTERFOR ;
_bSENATI ;
_c1977
300 _a33, [10] hojas :
_btablas ;
_c28 cm.
500 _aEn la portada: documento presentado en el seminario sobre capacitación profesional en la pequeña y mediana empresa industrial y comercial
505 0 _aLa capacitación en la pequeña y mediana empresa -- Otros aspectos del apoyo a la pequeña y mediana industria -- Necesidad de una política integral hacia la pequeña y mediana empresa
520 3 _aDocumento presentado en el seminario sobre capacitación profesional en la pequeña y mediana empresa industrial y comercial -- Características generales de un sistema nacional de formación profesional
650 1 0 _aFormación profesional
_91311
650 2 0 _aEmpresas
_93045
650 2 0 _aCapacitación empresarial
_93046
650 2 0 _aPUB CINTERFOR
_92462
650 2 0 _aPUB SENATI
_93047
942 _cLIB
_2ddc
999 _c361
_d361